000 00267nam a22001217a 4500
082 _a891.439 YAS'A
100 _aYASIR, KHALID IQBAL
_914456
245 _aAHWAL-O-ASAR
250 _aAHWAL-O-ASAR
260 _aISLAMABA
_bIBLAGH
_c1993
300 _a134P
942 _cBK
999 _c574813
_d574813